000 00460nam a22001817a 4500
003 SISC
005 20160229152209.0
008 130318t xxu||||| |||| 00| 0 eng d
020 _a9789810164188
050 _aQA 164
_b.H58m1 2006
082 _aQA164
_b.H58 2003
245 _aNew mathematics counts 1
_cTay Choon Hong
260 _aSingapore
_bMarshall Cavendish
_c2007.
300 _a354 p.
_c26 cm.
562 _e4
942 _2lcc
_cBK
999 _c115767
_d115767